000 00705nam a2200253Ia 4500
001 28469
005 20240114001050.0
007 ta
008 060609s1962 g b000 u 465 u
040 _aCotton College,Assam
041 _a465
082 _a311
_bR 213 St
100 _aRay, William S. .
245 0 _aStatistics in Psychological Research /
_cWilliam S. Ray.
_hTextual Documents
250 _a1st ed. /
260 _aNew York :
_bMacmillan and co ,
_c1962.
300 _a303p. ;
_c22cm.
653 _aStatistics-Psychological Research
653 _aPsychological Research-Statistics
653 _aG-Statistics
942 _2ddc
_cBK
999 _c28451
_d28451